000 01210cam a22002533a 4500
001 6009
003 PGUSA
005 20140828083127.0
008 040701s2004||||xxu|||||s|||||000 1 eng d
040 _aPGUSA
_beng
042 _adc
050 4 _aPS
100 1 _aVan Dyke, Henry,
_d1852-1933
245 1 4 _aThe Valley of Vision :
_bA Book of Romance and Some Half-Told Tales
_h[electronic resource] /
_cHenry Van Dyke
260 _bProject Gutenberg,
_c2004
505 0 _aA remembered dream -- Antwerp road -- A city of refuge -- A sanctuary of trees -- The king’s high way -- Half-told tales: The traitor in the house. Justice of the elements. Ashes of vengenace -- The broken soldier and the maid of France -- The hearing ear -- Sketches of Quebec -- A classic instance -- Half-told tales: The new era and carry on. The primitive and his sandals. Diana and the lions -- The hero and tin soldiers -- Salvage Point -- The Boy of Nazareth dreams.
506 _aPublic domain in the USA.
516 _aElectronic text
653 _aReligious fiction, American
653 _aShort stories, American
830 0 _aProject Gutenberg
_v6009
856 4 0 _uhttp://www.gutenberg.org/ebooks/6009
942 _cEB
999 _c235337
_d235337